000 004520000a22001810004500
003 MACL
005 20150918104156.0
008 150918b xxu||||| |||| 00| 0 eng d
040 _aMACL
_cMACL
041 _aEnglish
082 _a824/BOS
100 _aBartholomew. R.L.
_911679
245 _aNandalal Bose
_bA Collection Of Essays
260 _bLalit Kala Akademi
_c1983
_aNew Delhi
350 _a60
650 _aEssays
_911680
942 _cBK
_k824
_2ddc
999 _c7115
_d7115